000 00652nam a2200229Ia 4500
003 OSt
005 20220923225436.0
006 a|||||r|||| 00| 0
007 ta
008 Pun
024 _a268,363
037 _cTextual
040 _aARTS
_cARTS
_bPun
041 _2Pun
_aPun
082 _aO153,1N50:g, M9
100 _aਸਿੰਘ, ਸੁਖਦੇਵ
_9156291
245 0 _aਪਾF
_b ਜਿਥੇ ਕਵਿਤਾ ਖਤਮ ਨਹੀ੍ਵ ਹੁੰਦੀ
260 _c1989
650 _aਪੰਜਾਬੀ ਸਾਹਿਤ
942 _hO153,1N50:g, M9
_cTEXL
_2CC
999 _c378344
_d378344